[Event "FIDE Open World Blitz 2021"]
[Site "Warsaw"]
[Date "2021.12.30"]
[Round "15.18"]
[White "Efimenko, Zahar"]
[Black "Samunenkov, Ihor"]
[Result "1-0"]
[WhiteElo "2601"]
[BlackElo "2348"]
[Annotator "ChessBase"]
[PlyCount "157"]
[EventDate "2021.12.29"]
[EventType "swiss"]
[EventCountry "POL"]
[Tiebreak "Cut1 Buchholz"]
[SourceTitle "playchess.com"]
[Source "ChessBase"]
[SourceQuality "1"]

1. Nf3 Nf6 2. g3 c5 3. Bg2 Nc6 4. O-O e5 5. e4 Be7 6. Nc3 O-O 7. d3 d6 8. Bg5
Be6 9. a4 Qd7 10. Nd2 Ng4 11. Be3 Nxe3 12. fxe3 Bg5 13. Qe2 Ne7 14. Rf2 d5 15.
exd5 Nxd5 16. Nxd5 Bxd5 17. Bxd5 Qxd5 18. e4 Qe6 19. Nc4 g6 20. Raf1 b6 21. Kg2
a6 22. h4 Be7 23. Ne3 Kg7 24. Nd5 Ra7 25. c4 f6 26. b3 Bd8 27. h5 Raf7 28. g4
f5 29. exf5 gxf5 30. gxf5 Rxf5 31. Rxf5 Rxf5 32. Rxf5 Qxf5 33. Qf3 Qg5+ 34. Kh3
a5 35. Nc3 Be7 36. Ne4 Qc1 37. Qg3+ Kf7 38. Qxe5 Qh1+ 39. Kg4 Qh4+ 40. Kf3 Qh3+
41. Ng3 Qd7 42. Qf5+ Qxf5+ 43. Nxf5 Bg5 44. Ke4 Ke6 45. d4 cxd4 46. Nxd4+ Kd6
47. Kd3 Bf4 48. Nf3 Kc5 49. Nh4 Kb4 50. Kc2 Bg5 51. Nf5 Bf4 52. Ng7 Be5 53. Ne6
Bf6 54. Nf8 h6 55. Nd7 Bd4 56. Kd3 Bg1 57. Kc2 Bd4 58. Nf8 Bg7 59. Ne6 Be5 60.
Nd8 Bd6 61. Nf7 Bf4 62. Nd8 Bd6 63. Ne6 Be5 64. Nd8 Bd6 65. Nf7 Bf4 66. Nh8 Be5
67. Ng6 Bd6 68. Nh4 Bg3 69. Nf5 Bf4 70. Ne7 Bd6 71. Nd5+ Kc5 72. Kd3 Be5 73.
Ke4 Bb2 74. Kf5 Bc1 75. Ke6 Bg5 76. Kd7 Bh4 77. Kc7 Bg3+ 78. Kb7 Kd4 79. Kxb6
1-0

[Event "FIDE Open World Blitz 2021"]
[Site "Warsaw"]
[Date "2021.12.30"]
[Round "15.18"]
[White "Cheparinov, Ivan"]
[Black "Gukesh D"]
[Result "1/2-1/2"]
[WhiteElo "2594"]
[BlackElo "2621"]
[Annotator "ChessBase"]
[PlyCount "280"]
[EventDate "2021.12.29"]
[EventType "swiss"]
[EventCountry "POL"]
[Tiebreak "Cut1 Buchholz"]
[SourceTitle "playchess.com"]
[Source "ChessBase"]
[SourceQuality "1"]

1. d4 Nf6 2. c4 e6 3. Nf3 d5 4. g3 Bb4+ 5. Bd2 Be7 6. Bg2 O-O 7. O-O Nbd7 8.
Qc2 c6 9. Rd1 a5 10. Bf4 Ne4 11. Nbd2 f5 12. h4 h6 13. Be3 Qe8 14. Ne5 Bd6 15.
Ndf3 Ndf6 16. Rac1 Nh5 17. Bd2 Bd7 18. a4 Nhf6 19. Be1 g5 20. Nxd7 Nxd7 21.
hxg5 hxg5 22. Qb3 Ra7 23. e3 Qh5 24. Qd3 Rf7 25. cxd5 exd5 26. Rc2 Rh7 27. Kf1
Ndf6 28. Ne5 c5 29. f3 c4 30. Qe2 Nc5 31. dxc5 Bxe5 32. f4 Bc7 33. Qxh5 Rxh5
34. Bxd5+ Kh7 35. Bxc4 Ra8 36. Bd3 Kg6 37. c6 Rah8 38. cxb7 Bb8 39. Rg2 Ng4 40.
Ke2 Re8 41. Bf2 Rh7 42. Bb5 Re6 43. Rd7 Rxd7 44. Bxd7 Rb6 45. Bb5 Rxb7 46. Rg1
Rc7 47. Bd3 Ba7 48. Rd1 Re7 49. Bb5 Bxe3 50. Bxe3 Rxe3+ 51. Kf1 Rxg3 52. Rd6+
Kh5 53. fxg5 Kxg5 54. Be2 Nf6 55. Ra6 Rb3 56. Rxa5 Ne4 57. Rb5 Re3 58. a5 Kf4
59. Bd1 Kg3 60. Be2 Nd2+ 61. Ke1 Nf3+ 62. Kd1 Rxe2 63. Rxf5 Rxb2 64. Kc1 Ra2
65. Kb1 Ra4 66. Kb2 Nd4 67. Rd5 Kf4 68. a6 Ke4 69. Rd8 Rxa6 70. Re8+ Kd3 71.
Rd8 Rb6+ 72. Kc1 Rb7 73. Rd6 Kc3 74. Rd8 Ra7 75. Rc8+ Kd3 76. Kb2 Rb7+ 77. Ka3
Ne2 78. Rd8+ Kc2 79. Ka4 Nc3+ 80. Ka5 Rb5+ 81. Ka6 Kb3 82. Rd6 Rf5 83. Kb6 Kc4
84. Kc6 Nb5 85. Rh6 Nd4+ 86. Kd6 Ra5 87. Rh4 Rd5+ 88. Ke7 Kc5 89. Kf7 Nf5 90.
Rh1 Kd6 91. Kf6 Ne7 92. Rf1 Rh5 93. Rd1+ Nd5+ 94. Kg6 Re5 95. Ra1 Nf4+ 96. Kf6
Nd5+ 97. Kg6 Re2 98. Ra8 Rf2 99. Rd8+ Ke6 100. Re8+ Ne7+ 101. Kg5 Rf7 102. Ra8
Ke5 103. Kg4 Rf4+ 104. Kg5 Rf1 105. Ra5+ Nd5 106. Kg4 Ke4 107. Ra4+ Ke5 108.
Ra5 Rf8 109. Kg3 Rf7 110. Kg2 Ke4 111. Ra4+ Kd3 112. Ra3+ Ke4 113. Ra4+ Ke5
114. Ra5 Rf4 115. Kg3 Rd4 116. Kf3 Rd3+ 117. Kg4 Ke4 118. Ra4+ Ke5 119. Ra5 Rb3
120. Kh4 Ke4 121. Ra4+ Kf5 122. Ra5 Rd3 123. Rb5 Kf4 124. Ra5 Nc3 125. Kh5 Rd6
126. Rg5 Ne4 127. Rg4+ Kf5 128. Rg1 Rd8 129. Rf1+ Ke5 130. Ra1 Rg8 131. Ra7 Kf5
132. Ra5+ Kf4 133. Kh6 Nd6 134. Kh7 Rg1 135. Ra4+ Ke5 136. Ra6 Nf5 137. Ra5+
Kf6 138. Ra6+ Kf7 139. Ra7+ Kf6 140. Ra6+ Kf7 1/2-1/2

[Event "FIDE Open World Blitz 2021"]
[Site "Warsaw"]
[Date "2021.12.30"]
[Round "15.19"]
[White "Tang, Andrew"]
[Black "Faizrakhmanov, Ramil"]
[Result "1-0"]
[WhiteElo "2588"]
[BlackElo "2396"]
[Annotator "ChessBase"]
[PlyCount "61"]
[EventDate "2021.12.29"]
[EventType "swiss"]
[EventCountry "POL"]
[Tiebreak "Cut1 Buchholz"]
[SourceTitle "playchess.com"]
[Source "ChessBase"]
[SourceQuality "1"]

1. d4 Nf6 2. c4 e6 3. Nc3 Bb4 4. Qc2 c5 5. dxc5 Qc7 6. Nf3 a6 7. g3 Bxc5 8. Bg2
O-O 9. O-O Be7 10. b3 b6 11. e4 d6 12. Bf4 Bb7 13. e5 dxe5 14. Bxe5 Qc8 15. Ng5
Nbd7 16. Bxf6 Nxf6 17. Nge4 b5 18. Rac1 bxc4 19. bxc4 Ra7 20. Nxf6+ Bxf6 21.
Ne4 Be7 22. c5 Bd5 23. Nd6 Bxd6 24. Bxd5 Bf4 25. gxf4 exd5 26. Qd3 Rd8 27. Rfe1
Rc7 28. Qd4 Qg4+ 29. Kf1 h6 30. Re3 Rc6 31. Rg3 1-0

[Event "FIDE Open World Blitz 2021"]
[Site "Warsaw"]
[Date "2021.12.30"]
[Round "15.19"]
[White "Halkias, Stelios"]
[Black "Nguyen, Thai Dai Van"]
[Result "0-1"]
[WhiteElo "2575"]
[BlackElo "2594"]
[Annotator "ChessBase"]
[PlyCount "102"]
[EventDate "2021.12.29"]
[EventType "swiss"]
[EventCountry "POL"]
[Tiebreak "Cut1 Buchholz"]
[SourceTitle "playchess.com"]
[Source "ChessBase"]
[SourceQuality "1"]

1. Nf3 Nf6 2. c4 e6 3. g3 d5 4. d4 Bb4+ 5. Nc3 O-O 6. Bg2 dxc4 7. a3 Bxc3+ 8.
bxc3 b5 9. a4 c6 10. O-O Bb7 11. Rb1 a6 12. Ne5 Qc8 13. Ba3 Re8 14. e4 Nbd7 15.
f4 Nb6 16. a5 Na4 17. Qc2 c5 18. Rbd1 Qc7 19. g4 Qxa5 20. g5 Nh5 21. f5 Qxc3
22. Qf2 Qxa3 23. g6 hxg6 24. fxe6 f6 25. d5 Qb2 26. Nxg6 Qxf2+ 27. Rxf2 Rad8
28. Bf3 b4 29. Bxh5 Nc3 30. Re1 a5 31. Nf4 Re7 32. Re3 a4 33. Rh3 g5 34. Bf7+
Rxf7 35. exf7+ Kxf7 36. Ne6 Nxe4 37. Rh7+ Kg6 38. Rg7+ Kh6 39. Rf3 g4 40. Rxg4
Rxd5 41. Rf1 Re5 42. Nf4 Rg5 43. h3 Rxg4+ 44. hxg4 c3 45. Ne6 c2 46. Nxc5 Nxc5
47. Rxf6+ Kg5 48. Rf5+ Kxg4 49. Rxc5 b3 50. Kf2 b2 51. Rxc2 b1=Q 0-1

[Event "FIDE Open World Blitz 2021"]
[Site "Warsaw"]
[Date "2021.12.30"]
[Round "15.20"]
[White "Moroni, Luca Jr"]
[Black "Mastrovasilis, Dimitrios"]
[Result "0-1"]
[WhiteElo "2580"]
[BlackElo "2577"]
[Annotator "ChessBase"]
[PlyCount "100"]
[EventDate "2021.12.29"]
[EventType "swiss"]
[EventCountry "POL"]
[Tiebreak "Cut1 Buchholz"]
[SourceTitle "playchess.com"]
[Source "ChessBase"]
[SourceQuality "1"]

1. d4 d5 2. Bf4 Nf6 3. e3 c5 4. dxc5 e6 5. b4 a5 6. c3 Nc6 7. Bb5 Bd7 8. Qb3
Nh5 9. Ne2 Qf6 10. O-O g5 11. Bd6 Bxd6 12. cxd6 O-O 13. Nd2 Ng7 14. e4 Rfe8 15.
Rad1 axb4 16. cxb4 d4 17. Nc4 e5 18. Nb6 Be6 19. Bc4 Rad8 20. Bxe6 Qxe6 21.
Qxe6 Nxe6 22. d7 Rf8 23. Ng3 Nb8 24. Nf5 Nxd7 25. Nd5 Ra8 26. Rd2 Ra3 27. g3 g4
28. Rc1 h5 29. Kg2 Rfa8 30. Rcc2 Ndf8 31. Nf6+ Kh8 32. Nxh5 Ng5 33. Nf6 Nfh7
34. Nxg4 Nxe4 35. Rd1 Nc3 36. Re1 f6 37. f4 Rxa2 38. Rxa2 Rxa2+ 39. Kh3 d3 40.
fxe5 d2 41. Rf1 d1=Q 42. Rxd1 Nxd1 43. exf6 Nf2+ 44. Nxf2 Rxf2 45. g4 Nxf6 46.
Nd6 Rf4 47. g5 Ne4 48. Nxb7 Nxg5+ 49. Kg3 Rxb4 50. Nd6 Ne4+ 0-1

[Event "FIDE Open World Blitz 2021"]
[Site "Warsaw"]
[Date "2021.12.30"]
[Round "15.20"]
[White "Shoker, Samy"]
[Black "Gumularz, Szymon"]
[Result "0-1"]
[WhiteElo "2504"]
[BlackElo "2396"]
[Annotator "ChessBase"]
[PlyCount "136"]
[EventDate "2021.12.29"]
[EventType "swiss"]
[EventCountry "POL"]
[Tiebreak "Cut1 Buchholz"]
[SourceTitle "playchess.com"]
[Source "ChessBase"]
[SourceQuality "1"]

1. Nf3 d6 2. g3 Nf6 3. Bg2 g6 4. c4 Bg7 5. Nc3 O-O 6. O-O e5 7. d3 Re8 8. Rb1
e4 9. dxe4 Nxe4 10. Nxe4 Rxe4 11. b3 Na6 12. Bb2 Nc5 13. Bxg7 Kxg7 14. Nd4 Re8
15. Qc2 a5 16. Rbd1 Qf6 17. Rfe1 Bd7 18. h3 Re7 19. e3 h5 20. Ne2 Bc6 21. Qc3
Bxg2 22. Qxf6+ Kxf6 23. Kxg2 Rd8 24. Nc3 c6 25. Rd4 Re6 26. Red1 Ke7 27. g4 Rh8
28. g5 f6 29. gxf6+ Rxf6 30. h4 Rhf8 31. f4 Ne6 32. R4d2 Ng7 33. Rd3 Re6 34.
Kh3 Nf5 35. e4 Ng7 36. c5 Rxf4 37. cxd6+ Kd7 38. Na4 Re5 39. Nb6+ Kd8 40. d7
Rexe4 41. Na4 Ne6 42. Kg2 Rxh4 43. Rf3 Rhg4+ 44. Kf2 Rgf4 45. Rxf4 Rxf4+ 46.
Ke3 Rf5 47. Rd6 Re5+ 48. Kf2 Nf8 49. Nb6 Re7 50. Nc4 Rxd7 51. Rf6 Ke7 52. Rf3
Rd5 53. Re3+ Ne6 54. Ne5 Kf6 55. Nc4 g5 56. Kg2 g4 57. Kg3 Ng7 58. Re1 Nf5+ 59.
Kf2 h4 60. Re8 Kg5 61. Ke2 h3 62. Rg8+ Kf4 63. Rh8 b5 64. Nxa5 Rd6 65. Nb7 Rh6
66. Rxh6 Nxh6 67. Kf2 g3+ 68. Ke2 h2 0-1

[Event "FIDE Open World Blitz 2021"]
[Site "Warsaw"]
[Date "2021.12.30"]
[Round "15.21"]
[White "Asadli, Vugar"]
[Black "Rapport, Richard"]
[Result "1-0"]
[WhiteElo "2386"]
[BlackElo "2763"]
[Annotator "ChessBase"]
[PlyCount "79"]
[EventDate "2021.12.29"]
[EventType "swiss"]
[EventCountry "POL"]
[Tiebreak "Cut1 Buchholz"]
[SourceTitle "playchess.com"]
[Source "ChessBase"]
[SourceQuality "1"]

1. e4 c5 2. Nc3 Nc6 3. Bb5 Nf6 4. Nf3 Nd4 5. e5 Nxb5 6. Nxb5 Nd5 7. O-O a6 8.
Nc3 Nxc3 9. bxc3 d5 10. exd6 e6 11. c4 Bxd6 12. Rb1 O-O 13. Re1 f6 14. d3 Qc7
15. h3 e5 16. Nd2 f5 17. Nf1 Bd7 18. Ne3 Bc6 19. Nd5 Qf7 20. Qf3 Kh8 21. Bd2
Rae8 22. Bc3 b5 23. Qg3 Bxd5 24. cxd5 Qxd5 25. f4 Qxa2 26. fxe5 Bb8 27. Rbc1
Qd5 28. Qf4 Re6 29. Re3 g5 30. Qf2 b4 31. Ba1 a5 32. Rce1 a4 33. Rg3 h6 34. h4
Kg7 35. hxg5 h5 36. g6 f4 37. Rg5 f3 38. Rxh5 Rh8 39. Rxh8 Rxg6 40. e6+ 1-0

[Event "FIDE Open World Blitz 2021"]
[Site "Warsaw"]
[Date "2021.12.30"]
[Round "15.21"]
[White "Lima, Darcy"]
[Black "Bellahcene, Bilel"]
[Result "0-1"]
[WhiteElo "2379"]
[BlackElo "2528"]
[Annotator "ChessBase"]
[PlyCount "76"]
[EventDate "2021.12.29"]
[EventType "swiss"]
[EventCountry "POL"]
[Tiebreak "Cut1 Buchholz"]
[SourceTitle "playchess.com"]
[Source "ChessBase"]
[SourceQuality "1"]

1. d4 e6 2. Nf3 Nf6 3. g3 b5 4. Bg2 d5 5. O-O Be7 6. b3 O-O 7. c4 c6 8. Nbd2 a5
9. Qc2 Ba6 10. Re1 Nbd7 11. e4 bxc4 12. bxc4 Bb4 13. a3 Bxd2 14. Nxd2 Nb6 15.
e5 Nfd7 16. c5 Nc4 17. Nf3 Re8 18. h4 Rb8 19. Ng5 Nf8 20. Nh3 f5 21. exf6 Qxf6
22. Qd1 e5 23. Bg5 Qf5 24. g4 Qf7 25. dxe5 Nxe5 26. Bf4 Nd3 27. Rxe8 Rxe8 28.
Qd2 Ne6 29. Bd6 Nd4 30. Ng5 Qf6 31. Rb1 h6 32. Nh3 Nf3+ 33. Bxf3 Qxf3 34. Kh2
Re2 35. Rb8+ Kh7 36. Qd1 Nxf2 37. Qb1+ Bd3 38. Ng1 Nxg4# 0-1

[Event "FIDE Open World Blitz 2021"]
[Site "Warsaw"]
[Date "2021.12.30"]
[Round "15.22"]
[White "Socko, Bartosz"]
[Black "Abdusattorov, Nodirbek"]
[Result "0-1"]
[WhiteElo "2571"]
[BlackElo "2646"]
[Annotator "ChessBase"]
[PlyCount "96"]
[EventDate "2021.12.29"]
[EventType "swiss"]
[EventCountry "POL"]
[Tiebreak "Cut1 Buchholz"]
[SourceTitle "playchess.com"]
[Source "ChessBase"]
[SourceQuality "1"]

1. d4 Nf6 2. c4 g6 3. Nc3 Bg7 4. e4 d6 5. Nf3 O-O 6. Be2 c5 7. d5 e6 8. O-O
exd5 9. exd5 Bg4 10. h3 Bxf3 11. Bxf3 Nfd7 12. Qc2 Ne5 13. Be2 f5 14. Bd2 Nbd7
15. Rae1 f4 16. Ne4 f3 17. gxf3 Qh4 18. Kg2 Bh6 19. Bxh6 Qxh6 20. Nxd6 Qg5+ 21.
Kh1 Nxf3 22. Qe4 Nxe1 23. Qe6+ Kh8 24. Rxe1 Rxf2 25. Nf7+ Rxf7 26. Qxf7 Qg3 27.
Rf1 Qxh3+ 28. Kg1 Qe3+ 29. Qf2 Qxf2+ 30. Kxf2 Kg7 31. Ke3 Re8+ 32. Kd3 h5 33.
Rg1 Kh6 34. Rh1 Rf8 35. Ke4 Re8+ 36. Kd3 Ne5+ 37. Kd2 Nf7 38. b4 b6 39. bxc5
bxc5 40. Bd3 g5 41. Rf1 Kg7 42. Rf5 Re5 43. Rf1 g4 44. Rb1 h4 45. Rb7 h3 46. d6
h2 47. d7 h1=Q 48. d8=Q Qxb7 0-1

[Event "FIDE Open World Blitz 2021"]
[Site "Warsaw"]
[Date "2021.12.30"]
[Round "15.22"]
[White "Kolosowski, Mateusz"]
[Black "Szpar, Milosz"]
[Result "0-1"]
[WhiteElo "2444"]
[BlackElo "2285"]
[Annotator "NA"]
[PlyCount "81"]
[EventDate "2021.12.29"]
[EventType "swiss"]
[EventCountry "POL"]
[Tiebreak "Cut1 Buchholz"]
[SourceTitle "playchess.com"]
[Source "ChessBase"]
[SourceQuality "1"]

1. e4 e6 2. d4 d5 3. Nd2 c5 4. Ngf3 cxd4 5. Nxd4 Nf6 6. exd5 a6 7. N2f3 Qxd5 8.
Be2 Bd6 9. O-O O-O 10. c4 Qc5 11. Bg5 Nbd7 12. Bh4 b6 13. Bg3 Bxg3 14. hxg3 Bb7
15. Rc1 Rfd8 16. Qb3 Qc7 17. Rfd1 h6 18. Qe3 Ne4 19. Bd3 Ndf6 20. Bxe4 Bxe4 21.
b4 e5 22. Nb3 Rxd1+ 23. Rxd1 Qxc4 24. Qxb6 Bxf3 25. gxf3 Qe2 26. Rd8+ Rxd8 27.
Qxd8+ Kh7 28. Nd2 h5 29. Kg2 h4 30. Ne4 hxg3 31. Nxg3 Qxa2 32. Qd3+ g6 33. Qd6
Qe6 34. Qf8 Nd5 35. Ne4 Nf4+ 36. Kg1 Qf5 37. Kf1 Nd3 38. Ke2 Nf4+ 39. Kf1 Ne6
40. Qe7 Qxf3 41. Qxf7+ 0-1

[Event "FIDE Open World Blitz 2021"]
[Site "Warsaw"]
[Date "2021.12.30"]
[Round "15.23"]
[White "Mamedov, Rauf"]
[Black "Durarbayli, Vasif"]
[Result "1-0"]
[WhiteElo "2673"]
[BlackElo "2599"]
[Annotator "ChessBase"]
[PlyCount "65"]
[EventDate "2021.12.29"]
[EventType "swiss"]
[EventCountry "POL"]
[Tiebreak "Cut1 Buchholz"]
[SourceTitle "playchess.com"]
[Source "ChessBase"]
[SourceQuality "1"]

1. e4 e5 2. Nf3 Nc6 3. Bc4 Nf6 4. d3 h6 5. Nc3 Bb4 6. Bd2 d6 7. a3 Bxc3 8. Bxc3
Be6 9. Bb5 O-O 10. Bxc6 bxc6 11. O-O c5 12. b4 c4 13. Re1 cxd3 14. cxd3 Bg4 15.
h3 Bxf3 16. Qxf3 Nd7 17. d4 Re8 18. Rac1 a5 19. bxa5 exd4 20. Bxd4 Ne5 21. Qg3
Rxa5 22. f4 Ra4 23. Bb2 Ng6 24. Qc3 Qf6 25. Qc6 Qxb2 26. Qxe8+ Kh7 27. Qxa4
Nxf4 28. Qc2 Qe5 29. Rf1 Ne6 30. Rxf7 c5 31. Rf5 Qg3 32. e5 Qe3+ 33. Rf2+ 1-0

[Event "FIDE Open World Blitz 2021"]
[Site "Warsaw"]
[Date "2021.12.30"]
[Round "15.23"]
[White "Gdanski, Jacek"]
[Black "Heimann, Andreas"]
[Result "1/2-1/2"]
[WhiteElo "2367"]
[BlackElo "2584"]
[Annotator "ChessBase"]
[PlyCount "112"]
[EventDate "2021.12.29"]
[EventType "swiss"]
[EventCountry "POL"]
[Tiebreak "Cut1 Buchholz"]
[SourceTitle "playchess.com"]
[Source "ChessBase"]
[SourceQuality "1"]

1. e4 e5 2. Nf3 Nc6 3. Bb5 a6 4. Bxc6 dxc6 5. O-O Bg4 6. h3 h5 7. c3 Qf6 8. d4
Bxf3 9. Qxf3 Qxf3 10. gxf3 exd4 11. cxd4 O-O-O 12. Be3 Nh6 13. Nc3 g5 14. Kg2
Rg8 15. Rad1 f5 16. Rg1 g4 17. hxg4 hxg4 18. Bxh6 Bxh6 19. exf5 Rdf8 20. fxg4
Rxg4+ 21. Kf3 Rf4+ 22. Ke2 R8xf5 23. Rg2 Bg5 24. d5 c5 25. d6 Re5+ 26. Kf1 Rd4
27. dxc7 Kxc7 28. Re1 Rxe1+ 29. Kxe1 Bd2+ 30. Ke2 Bxc3 31. bxc3 Ra4 32. Rg7+
Kc6 33. Ke3 Rxa2 34. Rg6+ Kb5 35. f4 Ra1 36. Ke2 Rh1 37. f5 Rh5 38. f6 Rf5 39.
Ke3 a5 40. Ke4 Rf1 41. Ke5 a4 42. Rg7 b6 43. Ra7 Kc4 44. Rxa4+ Kxc3 45. Rf4
Re1+ 46. Kd6 Re8 47. f7 Rf8 48. Ke7 Rxf7+ 49. Kxf7 b5 50. Ke6 b4 51. Kd5 b3 52.
Rc4+ Kd3 53. Kxc5 b2 54. Rb4 Kc2 55. Rc4+ Kb3 56. Rb4+ Kc2 1/2-1/2

[Event "FIDE Open World Blitz 2021"]
[Site "Warsaw"]
[Date "2021.12.30"]
[Round "15.24"]
[White "Gelfand, Boris"]
[Black "Petrosian, Tigran L."]
[Result "0-1"]
[WhiteElo "2674"]
[BlackElo "2602"]
[Annotator "ChessBase"]
[PlyCount "70"]
[EventDate "2021.12.29"]
[EventType "swiss"]
[EventCountry "POL"]
[Tiebreak "Cut1 Buchholz"]
[SourceTitle "playchess.com"]
[Source "ChessBase"]
[SourceQuality "1"]

1. Nf3 d6 2. d4 Bg4 3. e4 e6 4. c4 Be7 5. Be2 Nd7 6. Nc3 Bh5 7. O-O c6 8. d5 e5
9. Be3 Ngf6 10. Nd2 Bg6 11. b4 O-O 12. Qb3 h6 13. Rfd1 Nh7 14. dxc6 bxc6 15. b5
c5 16. Nd5 Bg5 17. a4 Bxe3 18. Qxe3 Ng5 19. a5 Ne6 20. Nb3 Nd4 21. Rd2 Nf6 22.
Nxf6+ Qxf6 23. Bf1 Qe6 24. f3 Rab8 25. Rb2 f5 26. exf5 Nxf5 27. Qd2 Kh8 28. a6
Qf6 29. Re1 Nh4 30. Qc3 Qg5 31. Kh1 e4 32. Nd2 Rbe8 33. fxe4 Bxe4 34. Nxe4 Rxe4
35. Qd3 Rxe1 0-1

[Event "FIDE Open World Blitz 2021"]
[Site "Warsaw"]
[Date "2021.12.30"]
[Round "15.24"]
[White "Vastrukhin, Oleg"]
[Black "Jakubowski, Krzysztof"]
[Result "0-1"]
[WhiteElo "2588"]
[BlackElo "2373"]
[Annotator "ChessBase"]
[PlyCount "137"]
[EventDate "2021.12.29"]
[EventType "swiss"]
[EventCountry "POL"]
[Tiebreak "Cut1 Buchholz"]
[SourceTitle "playchess.com"]
[Source "ChessBase"]
[SourceQuality "1"]

1. Nf3 Nf6 2. g3 d5 3. Bg2 Bf5 4. O-O e6 5. c4 c6 6. Qb3 Qb6 7. d4 Nbd7 8. Nc3
Be7 9. c5 Qxb3 10. axb3 a6 11. b4 O-O-O 12. h3 h6 13. g4 Bh7 14. Bf4 Ne4 15.
Rfe1 g5 16. Bh2 f5 17. Ne5 Rhf8 18. f3 Nxc3 19. bxc3 f4 20. Nxd7 Rxd7 21. e3
Bg8 22. Ra2 Bd8 23. exf4 gxf4 24. Bf1 Bc7 25. Bd3 Rg7 26. Kf1 Kd7 27. Bg1 Bh7
28. Bxh7 Rxh7 29. Rae2 Rf6 30. Bf2 Rg6 31. Kg2 h5 32. Rh1 Ke7 33. Be1 Kf7 34.
Bd2 Rh8 35. Rh2 Rh7 36. Kf1 Rh8 37. Reg2 e5 38. dxe5 Bxe5 39. Ke2 Rgh6 40. g5
Re6 41. Kd3 Kg6 42. h4 Rhe8 43. Re2 Kf5 44. Be1 Bg7 45. Rxe6 Rxe6 46. Re2 Rxe2
47. Kxe2 Be5 48. Kd3 Bc7 49. Bf2 Bd8 50. Bd4 Be7 51. Kc2 Bd8 52. Kb3 Be7 53.
Ka4 Bd8 54. Kb3 Be7 55. Kc2 Bd8 56. Kd3 Be7 57. Bg7 Bd8 58. Bf8 Bc7 59. Be7 Be5
60. Bd6 Bg7 61. c4 dxc4+ 62. Kxc4 Bb2 63. Kd3 Bc1 64. Kc3 Be3 65. Kd3 Bf2 66.
Bxf4 Bxh4 67. Bd6 Bxg5 68. Bg3 h4 69. Kd4 0-1

[Event "FIDE Open World Blitz 2021"]
[Site "Warsaw"]
[Date "2021.12.30"]
[Round "15.25"]
[White "Krasenkow, Michal"]
[Black "Babazada, Khazar"]
[Result "0-1"]
[WhiteElo "2576"]
[BlackElo "2302"]
[Annotator "ChessBase"]
[PlyCount "81"]
[EventDate "2021.12.29"]
[EventType "swiss"]
[EventCountry "POL"]
[Tiebreak "Cut1 Buchholz"]
[SourceTitle "playchess.com"]
[Source "ChessBase"]
[SourceQuality "1"]

1. d4 Nf6 2. c4 g6 3. Nc3 d6 4. e4 Bg7 5. Nf3 O-O 6. h3 Nbd7 7. Bg5 h6 8. Be3
e5 9. d5 Nc5 10. Nd2 Nh5 11. b4 Nd7 12. g3 Qe8 13. c5 f5 14. cxd6 f4 15. Bc5
Nxc5 16. bxc5 fxg3 17. fxg3 cxd6 18. Rg1 Bd7 19. cxd6 Qd8 20. Qe2 Qb6 21. Rg2
Rac8 22. Nd1 Bf6 23. Qe3 Qxd6 24. Qxh6 Bg7 25. Qg5 Kh7 26. Qe3 Bh6 27. Qd3 a6
28. Rf2 Bb5 29. Qb3 Qc5 30. Bxb5 axb5 31. Qd3 Rxf2 32. Nxf2 Rf8 33. Nf3 Be3 34.
Ng4 Rxf3 35. Ke2 Rxg3 36. Rf1 Nf4+ 37. Rxf4 Bxf4 38. Qd1 Qc4+ 39. Kf2 Qc5+ 40.
Ke2 Rg2+ 41. Kf3 0-1

[Event "FIDE Open World Blitz 2021"]
[Site "Warsaw"]
[Date "2021.12.30"]
[Round "15.25"]
[White "Santos Latasa, Jaime"]
[Black "Svane, Rasmus"]
[Result "0-1"]
[WhiteElo "2561"]
[BlackElo "2628"]
[Annotator "ChessBase"]
[PlyCount "168"]
[EventDate "2021.12.29"]
[EventType "swiss"]
[EventCountry "POL"]
[Tiebreak "Cut1 Buchholz"]
[SourceTitle "playchess.com"]
[Source "ChessBase"]
[SourceQuality "1"]

1. e4 c6 2. Nf3 d5 3. d3 dxe4 4. dxe4 Qxd1+ 5. Kxd1 Nf6 6. Nfd2 g5 7. a4 h5 8.
Nc3 Nbd7 9. Nc4 g4 10. Be3 Bh6 11. Ke2 Bxe3 12. Kxe3 b6 13. Be2 Ba6 14. Rhd1
Bxc4 15. Bxc4 e6 16. Be2 Ke7 17. Rd2 a5 18. b3 Rad8 19. Rad1 Rc8 20. f4 gxf3
21. gxf3 Rc7 22. Rg1 Rcc8 23. Rdd1 Rhg8 24. Nb1 Ne5 25. Na3 h4 26. h3 Rcd8 27.
Rde1 Ned7 28. Nc4 Ra8 29. Ra1 Rxg1 30. Rxg1 b5 31. axb5 cxb5 32. Na3 b4 33. Nc4
a4 34. bxa4 Rxa4 35. Rb1 Nc5 36. Nb6 Ra2 37. Rxb4 Rxc2 38. Rc4 Rb2 39. Nc8+ Kd8
40. Rxc5 Nd7 41. Rc3 Rb1 42. Nd6 Ke7 43. Nc4 Rh1 44. Nd2 Rxh3 45. Nf1 Ne5 46.
Kf2 Ng6 47. Rc5 Nf4 48. Bc4 Rh1 49. Rc7+ Kf6 50. e5+ Kg6 51. Bb3 h3 52. Bc2+
Kg7 53. Ne3 h2 54. Kg3 Re1 55. Kxh2 Rxe3 56. Kg3 Nd5 57. Rc5 Rxe5 58. Be4 Kf6
59. Bxd5 exd5 60. Kf4 Rf5+ 61. Kg4 Kg6 62. Rc6+ Rf6 63. Rc8 Rd6 64. Kf4 d4 65.
Ke4 d3 66. Rg8+ Kf6 67. Rg1 d2 68. Rd1 Kg5 69. Ke3 Re6+ 70. Kxd2 Kf4 71. Rh1 f5
72. Rh3 Re7 73. Rh5 Rg7 74. Rh3 Rg2+ 75. Ke1 Rg3 76. Rh2 Kxf3 77. Kf1 f4 78.
Ra2 Kg4 79. Ra4 Rb3 80. Ra5 Kf3 81. Ra1 Kg3 82. Rc1 f3 83. Kg1 Rb2 84. Kf1 Rh2
0-1

[Event "FIDE Open World Blitz 2021"]
[Site "Warsaw"]
[Date "2021.12.30"]
[Round "15.26"]
[White "Murzin, Volodar"]
[Black "Harikrishna, Pentala"]
[Result "1-0"]
[WhiteElo "2519"]
[BlackElo "2614"]
[Annotator "ChessBase"]
[PlyCount "99"]
[EventDate "2021.12.29"]
[EventType "swiss"]
[EventCountry "POL"]
[Tiebreak "Cut1 Buchholz"]
[SourceTitle "playchess.com"]
[Source "ChessBase"]
[SourceQuality "1"]

1. e4 e6 2. d3 c5 3. Nf3 Nc6 4. Nbd2 g6 5. g3 Bg7 6. Bg2 Nge7 7. O-O O-O 8. c3
d5 9. Re1 Qc7 10. Qc2 b5 11. Nf1 b4 12. Bf4 Qa5 13. e5 bxc3 14. bxc3 Rb8 15.
Ne3 d4 16. cxd4 Nxd4 17. Nxd4 cxd4 18. Nc4 Qc3 19. Qa4 Bb7 20. Rac1 Qxd3 21.
Rcd1 Qc3 22. Bd2 Qd3 23. Ba5 Qf5 24. Nd6 Qh5 25. Nxb7 Bxe5 26. Bb4 Rfe8 27. Nd6
Red8 28. Nb7 Re8 29. Bd6 Bxd6 30. Nxd6 Red8 31. Qxa7 Kf8 32. Qxd4 Rd7 33. Qf4
g5 34. Qf3 g4 35. Qe2 Rbd8 36. Ne4 Nd5 37. Rxd5 Qxd5 38. Nf6 Qf5 39. Nxd7+ Rxd7
40. Be4 Qa5 41. Bxh7 Rd2 42. Qxg4 Rxa2 43. Rf1 f5 44. Qg8+ Ke7 45. Qg7+ Kd6 46.
Bg8 Qd5 47. Qf8+ Kd7 48. Bf7 Ra8 49. Qb4 Qd6 50. Qb7+ 1-0

[Event "FIDE Open World Blitz 2021"]
[Site "Warsaw"]
[Date "2021.12.30"]
[Round "15.26"]
[White "Kanarek, Marcel"]
[Black "Janik, Igor"]
[Result "1/2-1/2"]
[WhiteElo "2342"]
[BlackElo "2508"]
[Annotator "ChessBase"]
[PlyCount "22"]
[EventDate "2021.12.29"]
[EventType "swiss"]
[EventCountry "POL"]
[Tiebreak "Cut1 Buchholz"]
[SourceTitle "playchess.com"]
[Source "ChessBase"]
[SourceQuality "1"]

1. Nf3 Nf6 2. g3 g6 3. Bg2 Bg7 4. O-O O-O 5. d3 d6 6. c4 c5 7. Nc3 Nc6 8. Rb1
Rb8 9. a3 a6 10. Bd2 Bd7 11. b4 b6 1/2-1/2